Statistiques concernant Pays ayant le meilleur IDH avec des exceptions

Cliquez ici pour prendre le quiz!

Statistiques générales

  • Ce quiz a été pris 68 fois
  • Le résultat moyen est 16 sur 20

Statistiques - réponses

IDHPays% Correct
0.924Etats-Unis
98%
0.939Australie
97%
0.926Canada
95%
0.909Japon
93%
0.917Nouvelle-Zélande
93%
0.903 Corée du Sud
92%
0.932Singapour
90%
0.885Taïwan
90%
0.903 Israël
85%
0.856Qatar
84%
0.863Émirats arabes unis
82%
0.825Argentine
79%
0.853Arabie Saoudite
77%
0.843Chili
77%
0.846Bahreïn
67%
0.804 Uruguay
66%
0.821Oman
64%
0.853Brunei
62%
0.869 Chypre
52%
0.807Bahamas
49%

Distribution des résultats

Percentile par nombre de réponses

% des personnes avec chaque résultat

Votre développement - résultats

Vous n’avez pas pris ce quiz